|
|
|
|
| LEADER |
00000nam a22000007a 4500 |
| 005 |
20201230103728.0 |
| 007 |
cr|||| |||| |
| 008 |
201230s2011 br |||||s|||| 00||0 por d |
| 020 |
|
|
|a 978-85-89917-53-7
|
| 035 |
|
|
|a 32474
|
| 040 |
|
|
|a vLex
|
| 090 |
|
|
|c 11029
|d 11029
|
| 100 |
1 |
|
|a Cabrini Morgato, Melissa
|
| 245 |
1 |
0 |
|a Bioťica e direito
|h [Recurso electrn̤ico] :
|b Limites ťico-jurd̕icos na manipulaȯ̂ do material genťico humano /
|c Melissa Cabrini Morgato
|
| 256 |
|
|
|a Servicio en ln̕ea
|
| 260 |
|
|
|a San Pablo:
|b Letras Jurídicas Editora,
|c 2011
|
| 300 |
|
|
|a 1 recurso electrn̤ico
|
| 500 |
|
|
|a Inserindo-se no contexto das discusse̳s sobre os problemas e os benefc̕ios derivados dos novos recursos biotecnolg̤icos, esta obra desdobra, em todos os seus aspectos, quais sô as consequn̊cias de um possv̕el mundo em que os seres humanos seriam o fruto de processos artificiais da engenharia genťica.
|
| 506 |
1 |
|
|a Disponible solo en los productos indicados
|d vLex Global
|d vLex Global (Academic Edition, excluding Law Schools)
|d vLex Global (U.S. Academic Edition, Law Schools)
|d vLex Global (U.S. Academic Edition, excluding Law Schools)
|d vLex Global (Academic Edition, Law Schools)
|
| 650 |
0 |
4 |
|a Derecho Civil
|z Brasil
|
| 650 |
0 |
4 |
|a Derecho Penal
|z Brasil
|
| 650 |
0 |
4 |
|a Medicina
|z Brasil
|
| 740 |
0 |
|
|a vLex Libros (Servicio en ln̕ea)
|
| 856 |
4 |
0 |
|u http://vlex.com/source/bioetica-e-direito-limites-etico-juridicos-na-manipula-o-do-material-genetico-humano-32474
|z Acceso restringido
|
| 942 |
|
|
|c BOOK
|
| 999 |
0 |
|
|a Civil Law
|
| 999 |
0 |
|
|a Criminal Law
|
| 999 |
0 |
|
|a Medicine
|